El Mar, ese antiguo misterio /
Colección:
San Jorge,
; núm. 23 (juliol 1956), pàg 8-9
Materias:
Poesia de la mar
Idioma:
Español
MARC
| LEADER | 00000naa a2200000 a 4500 | ||
|---|---|---|---|
| 003 | Arxiu | ||
| 005 | 20260324181507.0 | ||
| 008 | 160829s1956 spcaxx s spa c | ||
| 040 | |a AGDB | ||
| 100 | 1 | |a Espinàs, Josep M., |d 1927-2023 |9 28496 | |
| 245 | 1 | 3 | |a El Mar, ese antiguo misterio / |c por José M.ª Espinás |
| 490 | |a San Jorge, |v núm. 23 (juliol 1956), pàg 8-9 | ||
| 650 | |a Poesia de la mar |9 29325 | ||
| 773 | |g Núm. 23 (juliol 1956), pàg 8-9 |t San Jorge. | ||
| 901 | |a Arxiu | ||
| 942 | |n 1 |2 udc |c ART | ||
| 952 | |0 0 |1 0 |4 0 |6 REV511 |7 1 |9 66383 |a Arxiu |b Arxiu |d 2023-05-22 |l 0 |o Rev-511 |r 2023-05-22 00:00:00 |w 2023-05-22 |y ARXIU |z També disponible a Rev-525 | ||
| 999 | |c 48118 |d 48118 | ||